000 00445cam a22001575i 4500
008 200825s2020 pau 000 0 eng
020 _a9780323673617
050 _aRM345
_b.O65
100 1 _aBhatt, Deepak L.,
245 1 0 _aOpie's cardiovascular drugs: a companion to Braunwald's heart disease /
_cDeepak L. Bhatt.
250 _a9.
260 _aPhiladelpia
_bElsevier Ltd
_c2021
300 _axx,696p
650 _aCardiovascular
942 _cBK
999 _c2438
_d2438